000 00431nam a2200157 a 4500
005 20140412111421.0
008 080122s19uu xx 00 eng d
020 _a81-7301-604-6
050 _aTR(GS E
_bAf8 2006
100 _aPrakash, Ved
245 _aAfter You. vol. 6 /
_cVed Prakash.
260 _aIndia :
_bDreamland Publications.
300 _a24p.
440 _aCharacter-Building stories for children
999 _c106044
_d106044